[Event "Stay Safe Play From Home 238"]
[Site "Emanuel Lasker Arena"]
[Date "2020.06.19"]
[Round "6"]
[White "Mepe_Nika"]
[Black "MarkonY"]
[Result "1-0"]
[WhiteElo "2394"]
[BlackElo "2342"]
[Annotator "TA"]
[PlyCount "73"]
[EventDate "2020.06.19"]
[EventType "swiss (blitz)"]

{[%evp 12,73,22,9,96,44,33,-8,486,97,114,125,116,106,109,17,152,168,161,121,163,160,222,220,200,208,245,226,309,306,379,389,406,400,448,430,484,442,464,449,557,414,493,500,499,491,476,416,534,469,1390,1561,1507,1533,1491,1402,6195,1320,4132,4132,29986,29987,29988,29989]} 1. d4 c5 2. c3 cxd4 3. cxd4 d5 4. Nf3 Nc6 5. Nc3 Nf6 6. Bf4 Bf5 {6...Bf5 is better than 6...a6.} 7. Qb3 Qc8 {D14: Slav Defence: Exchange variation with ...Bf5.} (7... a6 $11) 8. e3 (8. a3 $16) 8... e6 $14 9. Bb5 Bb4 $2 {[%mdl 8192] [#]} (9... Nh5 $11) 10. Ne5 $2 (10. Qxb4 $18 Nd7 11. Bxc6 bxc6 12. O-O) 10... Bxc3+ 11. Qxc3 {[%cal Re5c6]} O-O 12. Bxc6 {[#]} bxc6 $146 ({Predecessor:} 12... Ne4 13. Bd7 Nxc3 14. Bxc8 Raxc8 15. bxc3 Rxc3 16. O-O f6 17. Nf3 Rfc8 18. Bd6 R8c6 {1-0 (52) Ramos,D-Lamar Flores,R Santiago de Chile 1994}) 13. Qxc6 (13. f3 $16) 13... Qxc6 (13... Qb8 $11 {remains equal.}) 14. Nxc6 $16 Rfe8 15. O-O Bd3 16. Rfc1 Bb5 (16... a5 $16 17. Ne5 Bg6) 17. a4 $18 Bxc6 18. Rxc6 Nh5 19. Be5 f6 20. Bd6 f5 21. b4 {[%cal Bb2b4,Bb4b5][%mdl 32]} Nf6 22. f3 Red8 23. b5 Ne8 24. Be5 Kf7 25. Rb1 Rdc8 26. Rbc1 Rxc6 27. Rxc6 {[%mdl 4096] Endgame KRB-KRN} ({Weaker is} 27. bxc6 Rc8 $18) 27... Ke7 28. Kf2 Kd7 29. Ke2 g5 30. Kd3 a6 (30... a5 $142 31. e4 fxe4+ 32. fxe4 Ra7 33. exd5 exd5) 31. Rxa6 Rxa6 32. bxa6 {KB-KN} Kc6 33. a5 h5 34. h3 (34. Kc3 $142 Nc7 35. Bxc7 Kxc7 36. Kb4) 34... g4 35. fxg4 hxg4 36. h4 g3 37. h5 {Accuracy: White = 54%, Black = 26%.} 1-0

[Event "Stay Safe Play From Home 238"]
[Site "Emanuel Lasker Arena"]
[Date "2020.06.19"]
[Round "6"]
[White "Tolka"]
[Black "Broken sword"]
[Result "1-0"]
[WhiteElo "2186"]
[BlackElo "2387"]
[Annotator "TA"]
[PlyCount "69"]
[EventDate "2020.06.19"]
[EventType "swiss (blitz)"]

{[%evp 21,68,12,18,-9,33,-10,32,12,22,10,22,-225,-216,-284,-223,-272,-248,-404,-395,-375,359,343,539,520,768,761,710,556,576,558,1172,1172,1120,1114,29982,29983,29996,29997,29997,29998,29998,29997,29997,29998,29998,29999,29999,29999,29999]} 1. e4 c5 2. Nf3 d6 3. d4 cxd4 4. Nxd4 Nf6 5. Nc3 a6 6. Be3 e6 7. Qd2 b5 8. f3 Bb7 9. O-O-O Nbd7 10. g4 Nb6 11. g5 Nfd7 12. h4 {B80: Sicilian Scheveningen: 6 g3 and 6 Be3, including English Attack.} Ne5 13. Kb1 Nbc4 14. Bxc4 {White is slightly better.} Nxc4 15. Qf2 {[#]} Rc8 $146 ({Predecessor:} 15... Nxe3 16. Qxe3 Be7 17. e5 d5 18. f4 Bc5 19. Nce2 Qb6 20. h5 O-O-O 21. Qd3 {½-½ (21) Marigorda,W (1791)-Rojas,S (2002) Lima 2017}) 16. g6 $2 (16. h5 $1 $11 {and White is okay.}) 16... hxg6 $19 17. h5 {intending hxg6.} gxh5 18. Rhg1 g6 19. Nxe6 $2 (19. Bc1) 19... fxe6 20. Rxg6 Ne5 $4 {[%mdl 8192]} (20... Qe7 $19 {avoids the disaster.} 21. Bd4 e5) 21. Rxe6+ $18 Kd7 (21... Be7 {was worth a try.} 22. Rxe5 dxe5) 22. Rxe5 Qf6 23. Rf5 Qe6 24. Nd5 Bxd5 25. Rfxd5 Kc7 26. Bf4 Kb7 27. Bxd6 Bxd6 28. Rxd6 {White mates.} Qe5 29. Qb6+ {[%mdl 64] [#] Double Attack} Ka8 30. Qxa6+ Kb8 31. Qb6+ Ka8 32. Qa5+ Kb7 33. Rb6+ {[%mdl 64] [#] Double Attack} Kc7 34. Rxb5+ Kc6 35. Qb6# {Quite a comeback for White. Accuracy: White = 49%, Black = 28%.} 1-0

[Event "Stay Safe Play From Home 238"]
[Site "Emanuel Lasker Arena"]
[Date "2020.06.19"]
[Round "6"]
[White "SoulofWolf"]
[Black "Weltszmerc"]
[Result "0-1"]
[WhiteElo "2146"]
[BlackElo "2183"]
[Annotator "TA"]
[PlyCount "70"]
[EventDate "2020.06.19"]
[EventType "swiss (blitz)"]

{[%evp 9,70,-151,-143,-204,-155,-164,-167,-167,-127,-205,-191,-215,-129,-130,-118,-227,-222,-227,-229,-223,-224,-228,-222,-274,-221,-302,-176,-230,-177,-202,-187,-209,-193,-247,-242,-422,-127,-329,-327,-464,-221,-448,-256,-292,6,-1447,-1398,-29989,-29990,-29988,-29989,-29988,-29989,-29992,-29993,-29994,-29994,-29994,-29994,-29999,-29995,-29996,-29997]} 1. e4 Nf6 2. Nf3 Nxe4 3. Bc4 d5 4. Bb3 c6 {[#]} 5. a4 $146 ({Predecessor:} 5. O-O e6 6. d3 Nf6 7. Bg5 Be7 8. Nc3 O-O 9. Re1 Nbd7 10. Ne2 b6 11. Ng3 {1-0 (37) Jotanovic,D-Gasco,C ICC INT 2009}) 5... Bg4 6. O-O {B04: Alekhine's Defence: 4 Nf3.} (6. h3 $17 Bxf3 7. Qxf3) 6... e6 7. d4 Bd6 8. Nbd2 {Black is clearly better.} O-O 9. Re1 (9. h3 $17 Bh5 10. Nxe4 dxe4 11. g4) 9... f5 $19 10. Nf1 Bh5 11. Ng3 Bg6 12. Nxe4 (12. Ne2 $17) 12... fxe4 13. Bg5 Qc7 14. Ne5 Bxe5 15. dxe5 Qxe5 16. Bh4 Nd7 17. c4 Qh5 (17... Nc5 $142 {Strongly threatening ...Rae8.} 18. Be7 Nxb3 19. Qxb3 Rf7) 18. Bg3 (18. Qxh5 $142 Bxh5 19. Be7) 18... Nf6 19. Bd6 Rf7 20. Qd2 Rd8 21. Bd1 (21. Bg3 $142) 21... Qf5 22. Bc5 $2 {[#]} (22. Qf4) 22... Ng4 $2 (22... d4 $19 {has better winning chances.} 23. Ba3 c5) 23. h3 $2 (23. Bxg4 $17 Qxg4 24. Bxa7) 23... Ne5 24. Bc2 (24. Bg4 $142 Nxg4 25. hxg4 Qxg4 26. Bxa7) 24... b6 (24... Nxc4 $142 25. Qe2 b6) 25. Be3 $2 (25. Bxe4 {was the only defense.} Qf6 26. Bxg6 Nf3+ {[%mdl 64] Zwischenzug} 27. gxf3 Qxg6+ 28. Kh2 bxc5 29. Qe3) 25... d4 (25... Nxc4 $142 26. Qc3 Nxe3 27. fxe3 Qf2+ 28. Kh1 c5) 26. Bg5 e3 $2 (26... d3 $19 27. Bxd8 Nxc4 {[%mdl 64] Double Attack}) 27. fxe3 $2 {[%mdl 8192]} (27. Bxf5 $11 exd2 28. Rxe5 Rxf5 29. Rxf5 Bxf5 30. Bxd8) 27... Qxg5 28. Rad1 Nf3+ {[%mdl 64] [#] Double Attack. Black mates.} 29. Kh1 Nxd2 30. Rxd2 Bxc2 31. Rxc2 dxe3 32. Rce2 Rd3 33. c5 Rf2 {[%csl Gf2][%cal Rg5g2]} 34. cxb6 axb6 {[%csl Gf2][%cal Rg5g2]} 35. Rg1 Rxe2 {Accuracy: White = 17%, Black = 37%.} 0-1

[Event "Stay Safe Play From Home 238"]
[Site "Emanuel Lasker Arena"]
[Date "2020.06.19"]
[Round "6"]
[White "Greblah"]
[Black "Lamborghini"]
[Result "0-1"]
[WhiteElo "1882"]
[BlackElo "2233"]
[Annotator "TA"]
[PlyCount "102"]
[EventDate "2020.06.19"]
[EventType "swiss (blitz)"]

{[%evp 9,101,6,23,0,7,-25,18,28,5,0,24,-26,0,-95,-30,-118,-50,-135,-45,-123,-87,-179,-169,-349,-120,-134,-90,-77,-80,-82,-45,-189,-182,-325,-325,-996,-993,-1006,-818,-802,-795,-783,-664,-681,-602,-593,-595,-643,-629,-667,-641,-665,-654,-643,-629,-654,-652,-794,-794,-774,-774,-758,-757,-6315,-992,-977,-952,-29992,-29993,-29993,-29994,-29994,-29995,-29995,-29994,-29995,-29991,-29994,-29995,-29995,-29996,-29996,-29996,-29996,-29997,-29997,-29998,-29998,-29998,-29998,-29999,-29999,-29999,-29999]} 1. e4 c5 2. Nc3 e6 3. d3 d5 4. g3 dxe4 5. Nxe4 Be7 6. Bg2 {B23: Closed Sicilian: Lines without g3.} Nf6 7. Nf3 O-O 8. Nxf6+ {The position is equal.} Bxf6 9. O-O Nc6 10. Be3 {[#]} b6 $146 ({Predecessor:} 10... Bxb2 11. Bxc5 Bxa1 12. Bxf8 Bc3 13. Bc5 Qa5 14. d4 e5 15. Ng5 Bf5 16. Bd5 Bg6 17. Qf3 Nd8 18. h4 h5 19. Be7 Qc7 20. Bxd8 Rxd8 {½-½ (20) Veber,B (2088)-Groselj,P (2117) Ljubljana 2013}) 11. Qd2 (11. c3 $11) 11... Bb7 (11... Bxb2 $17 12. Rab1 Bf6) 12. Ng5 (12. Rad1 $11 {keeps the balance.}) 12... Qd7 ({Don't play} 12... h6 $6 13. Ne4 $11) (12... Bxb2 $17 13. Rab1 Bd4) 13. Ne4 (13. Rab1 $15) 13... Be7 ({Better is} 13... Bxb2 $17 14. Rab1 Bd4 15. Bxd4 cxd4) 14. Bh3 ({White should try} 14. Rae1 $15) 14... Rad8 15. Bg5 (15. Bg2 $17) 15... Bxg5 16. Qxg5 $2 {[#]} (16. Nxg5 {only move.} h6 17. Ne4) 16... f6 $2 (16... f5 $19 {has better winning chances.} 17. Nc3 Nd4) 17. Qh5 $17 Nd4 18. c3 g6 $36 {[%mdl 2048] Keeping White busy.} 19. Qd1 Nc6 {And now ...f5 would win.} 20. d4 {This move loses the game for White.} ({White should play} 20. Re1 $15 Ne5 21. Nxf6+ {[%mdl 64] Remove Defender} Rxf6 22. Rxe5) 20... cxd4 21. cxd4 (21. Bg2 $142) 21... Nxd4 $19 22. Rc1 $2 (22. Bg2) 22... Bxe4 23. Bg2 Bxg2 24. Kxg2 Qd5+ 25. Kh3 Qf5+ 26. Qg4 Qxg4+ 27. Kxg4 Rd7 28. Rc4 Rfd8 29. Rfc1 Kf7 30. Kh3 h5 31. Kg2 Nf5 32. h4 g5 33. R1c2 gxh4 34. gxh4 Rd4 35. Rxd4 Rxd4 {[%mdl 4096] Endgame KRN-KR} 36. f3 Kg6 37. Kf2 Rxh4 {[#] ( -> ...Rh2+)} 38. b3 Rh2+ {Black mates.} 39. Ke1 Rxc2 40. a4 Ra2 41. b4 Nd4 42. b5 a5 43. f4 Kf5 44. Kd1 Ke4 45. Kc1 Kd3 46. Kb1 Rc2 47. f5 Kc3 48. fxe6 Kb3 49. e7 Ne2 {[%csl Ge2][%cal Rc2c1]} 50. Ka1 Nc3 {[%cal Rc2c1]} 51. e8=Q Ra2# {Accuracy: White = 17%, Black = 29%.} 0-1

[Event "Stay Safe Play From Home 238"]
[Site "Emanuel Lasker Arena"]
[Date "2020.06.19"]
[Round "6"]
[White "Chase the sun"]
[Black "Toosieslide"]
[Result "0-1"]
[WhiteElo "1839"]
[BlackElo "2238"]
[Annotator "TA"]
[PlyCount "40"]
[EventDate "2020.06.19"]
[EventType "swiss (blitz)"]

{[%evp 10,40,0,0,0,0,14,0,27,-13,0,4,91,-164,78,20,23,-656,-652,-1079,-1010,-983,-988,-987,-976,-1348,-1337,-1785,-1504,-1646,-1291,-29998,-29999]} 1. e4 e5 2. Nc3 Nf6 3. Bc4 Nxe4 4. Qh5 Nd6 5. Bb3 Be7 6. Qxe5 O-O $1 {C27: Vienna Game: 2...Nf6 3 Bc4 Nxe4.} 7. Nge2 Re8 8. O-O Bf6 {The position is equal.} 9. Qg3 {[#]} b6 $146 ({Predecessor:} 9... Nc6 10. Qf4 b6 11. d3 Bb7 12. Qg4 Ne5 13. Qh3 Ng6 14. Nf4 Nxf4 15. Bxf4 Bxc3 16. bxc3 {0-1 (54) Schnepper,P (1536)-Hamid,E (1700) Oberhof 2010}) 10. d3 Ba6 (10... Nc6 $11 {keeps the balance.}) 11. Nd5 $2 {[%mdl 8192] [#]} (11. Bf4 $16 {keeps the pressure on.}) 11... Bb7 $2 (11... Rxe2 $19 12. Be3 (12. Qf3 $2 Re8 $19) 12... Bb7) 12. Nxf6+ (12. Nec3 $16) 12... Qxf6 $11 13. f4 $2 {[%mdl 8192]} (13. Nf4 $11) 13... Rxe2 $19 14. f5 Rxg2+ 15. Qxg2 Bxg2 16. Kxg2 Nc6 17. c3 Re8 18. d4 Re2+ 19. Kh1 Qe7 {[#] ( -> ...Qe4+)} 20. Rg1 Qe4+ {[%mdl 64] Double Attack. Accuracy: White = 20%, Black = 46%.} 0-1

[Event "Stay Safe Play From Home 238"]
[Site "Emanuel Lasker Arena"]
[Date "2020.06.19"]
[Round "6"]
[White "Robk"]
[Black "Grazie"]
[Result "0-1"]
[WhiteElo "1668"]
[BlackElo "1783"]
[Annotator "NA RC"]
[PlyCount "52"]
[EventDate "2020.06.19"]
[EventType "swiss (blitz)"]

1. e4 {[%emt 0:00:06]} e6 {[%emt 0:00:00]} 2. f4 {[%emt 0:00:03]} d5 {[%emt 0:00:00]} 3. e5 {[%emt 0:00:02]} c5 {[%emt 0:00:01]} 4. d4 {[%emt 0:00:02]} cxd4 {[%emt 0:00:02]} 5. Qxd4 {[%emt 0:00:01]} a6 {[%emt 0:00:00]} 6. Nf3 {[%emt 0:00:02]} Nc6 {[%emt 0:00:00]} 7. Qd1 {[%emt 0:00:02]} Bc5 {[%emt 0:00:01]} 8. Bd2 {[%emt 0:00:03]} Qb6 {[%emt 0:00:01]} 9. Nc3 {[%emt 0:00:01]} Bf2+ {[%emt 0:00:01]} 10. Ke2 {[%emt 0:00:02]} Bc5 {[%emt 0:00:01]} 11. Ke1 {[%emt 0:00:06]} Nge7 {[%emt 0:00:02]} 12. Qe2 {[%emt 0:00:01]} Qa7 {[%emt 0:00:02]} 13. Ng5 {[%emt 0:00:06]} h6 {[%emt 0:00:01]} 14. Nf3 {[%emt 0:00:01]} b5 {[%emt 0:00:02]} 15. Nd1 {[%emt 0:00:03]} Bb7 {[%emt 0:00:03]} 16. Be3 {[%emt 0:00:01]} Bxe3 {[%emt 0:00:01]} 17. Qxe3 {[%emt 0:00:01]} Qxe3+ {[%emt 0:00:02]} 18. Nxe3 {[%emt 0:00:01]} Rc8 {[%emt 0:00:01]} 19. c3 {[%emt 0:00:02]} Kd7 {[%emt 0:00:01]} 20. Nd4 {[%emt 0:00:01]} Nxd4 {[%emt 0:00:01]} 21. cxd4 {[%emt 0:00:01]} Nc6 {[%emt 0:00:00]} 22. Nc2 {[%emt 0:00:04]} Rc7 {[%emt 0:00:02]} 23. Rd1 {[%emt 0:00:03]} Nxe5 {[%emt 0:00:02]} 24. fxe5 {[%emt 0:00:03]} Rxc2 {[%emt 0:00:01]} 25. Be2 {[%emt 0:00:03]} Rhc8 {[%emt 0:00:02]} 26. Rf1 {[%emt 0:00:00]} Ke7 {[%emt 0:00:02] Time (Lag: Av=0.49s, max=0.9s)} 0-1

[Event "Stay Safe Play From Home 238"]
[Site "Emanuel Lasker Arena"]
[Date "2020.06.19"]
[Round "6"]
[White "Meini"]
[Black "Trotsky"]
[Result "0-1"]
[WhiteElo "1605"]
[BlackElo "1479"]
[Annotator "NA RC"]
[PlyCount "48"]
[EventDate "2020.06.19"]
[EventType "swiss (blitz)"]

1. d4 {[%emt 0:00:02]} d5 {[%emt 0:00:01]} 2. Bf4 {[%emt 0:00:02]} e6 {[%emt 0:00:00]} 3. e3 {[%emt 0:00:01]} c5 {[%emt 0:00:00]} 4. Nf3 {[%emt 0:00:01]} Nc6 {[%emt 0:00:01]} 5. c3 {[%emt 0:00:01]} c4 {[%emt 0:00:00]} 6. Be2 {[%emt 0:00:02]} Bd6 {[%emt 0:00:01]} 7. Bg3 {[%emt 0:00:02]} Qc7 {[%emt 0:00:01]} 8. O-O {[%emt 0:00:02]} Bd7 {[%emt 0:00:01]} 9. Nbd2 {[%emt 0:00:01]} O-O-O {[%emt 0:00:01]} 10. b3 {[%emt 0:00:01]} h5 {[%emt 0:00:01]} 11. bxc4 {[%emt 0:00:02]} Nf6 {[%emt 0:00:01]} 12. cxd5 {[%emt 0:00:02]} exd5 {[%emt 0:00:00]} 13. c4 {[%emt 0:00:01]} Ng4 {[%emt 0:00:02]} 14. Bxd6 {[%emt 0:00:03]} Qxd6 {[%emt 0:00:01]} 15. Rb1 {[%emt 0:00:03]} g5 {[%emt 0:00:02]} 16. Qb3 {[%emt 0:00:03]} Qc7 {[%emt 0:00:02]} 17. cxd5 {[%emt 0:00:07]} Na5 {[%emt 0:00:03]} 18. Qb4 {[%emt 0:00:05]} Kb8 {[%emt 0:00:03]} 19. Rfc1 {[%emt 0:00:02]} Nc6 {[%emt 0:00:07]} 20. dxc6 {[%emt 0:00:04]} Bxc6 {[%emt 0:00:01]} 21. Nc4 {[%emt 0:00:05]} Bxf3 {[%emt 0:00:03]} 22. g3 {[%emt 0:00:05]} Bc6 {[%emt 0:00:04]} 23. Ne5 {[%emt 0:00:01]} h4 {[%emt 0:00:01]} 24. Nxc6+ {[%emt 0:00:01]} Ka8 {[%emt 0:00:02] Zeit (Lag: Av=0.19s, max=0.7s) .} 0-1

[Event "Stay Safe Play From Home 238"]
[Site "Emanuel Lasker Arena"]
[Date "2020.06.19"]
[Round "6"]
[White "Germanicus G"]
[Black "Bishop91"]
[Result "0-1"]
[WhiteElo "1301"]
[BlackElo "1672"]
[Annotator "NA RC"]
[PlyCount "68"]
[EventDate "2020.06.19"]
[EventType "swiss (blitz)"]

1. g3 {[%emt 0:00:01]} Nf6 {[%emt 0:00:01]} 2. Bg2 {[%emt 0:00:00]} c6 {[%emt 0:00:01]} 3. e3 {[%emt 0:00:00]} d5 {[%emt 0:00:01]} 4. d4 {[%emt 0:00:00]} Nbd7 {[%emt 0:00:02]} 5. Nf3 {[%emt 0:00:00]} e6 {[%emt 0:00:01]} 6. O-O {[%emt 0:00:00]} Bd6 {[%emt 0:00:01]} 7. Nbd2 {[%emt 0:00:01]} O-O {[%emt 0:00:00]} 8. c4 {[%emt 0:00:00]} b6 {[%emt 0:00:02]} 9. c5 {[%emt 0:00:00]} bxc5 {[%emt 0:00:01]} 10. dxc5 {[%emt 0:00:01]} Nxc5 {[%emt 0:00:00]} 11. b3 {[%emt 0:00:01]} e5 {[%emt 0:00:01]} 12. Bb2 {[%emt 0:00:02]} e4 {[%emt 0:00:00]} 13. Nd4 {[%emt 0:00:02]} Bb7 {[%emt 0:00:03]} 14. Ba3 {[%emt 0:00:01]} Ne6 {[%emt 0:00:03]} 15. Nxe6 {[%emt 0:00:04]} fxe6 {[%emt 0:00:01]} 16. Bxd6 {[%emt 0:00:05]} Qxd6 {[%emt 0:00:00]} 17. a3 {[%emt 0:00:02]} c5 {[%emt 0:00:01]} 18. Nxe4 {[%emt 0:00:04]} Qc7 {[%emt 0:00:09]} 19. Nxf6+ {[%emt 0:00:03]} Rxf6 {[%emt 0:00:01]} 20. Rc1 {[%emt 0:00:01]} Raf8 {[%emt 0:00:01]} 21. Qd2 {[%emt 0:00:05]} a5 {[%emt 0:00:05]} 22. Rc3 {[%emt 0:00:03]} d4 {[%emt 0:00:01]} 23. exd4 {[%emt 0:00:02]} Bxg2 {[%emt 0:00:03]} 24. Kxg2 {[%emt 0:00:01]} Qb7+ {[%emt 0:00:00]} 25. Kg1 {[%emt 0:00:02]} cxd4 {[%emt 0:00:00]} 26. Qxd4 {[%emt 0:00:01]} h6 {[%emt 0:00:03]} 27. Qe3 {[%emt 0:00:02]} Rf3 {[%emt 0:00:02]} 28. Qxe6+ {[%emt 0:00:01]} Kh8 {[%emt 0:00:00]} 29. Rxf3 {[%emt 0:00:03]} Qxf3 {[%emt 0:00:01]} 30. Qe3 {[%emt 0:00:03]} Qb7 {[%emt 0:00:01]} 31. b4 {[%emt 0:00:02]} axb4 {[%emt 0:00:03]} 32. axb4 {[%emt 0:00:00]} Qxb4 {[%emt 0:00:01]} 33. Qe5 {[%emt 0:00:02]} Qb8 {[%emt 0:00:00]} 34. Re1 {[%emt 0:00:02]} Qc8 {[%emt 0:00:02] Zeit (Lag: Av=0.30s, max=0.9s)} 0-1

[Event "Stay Safe Play From Home 238"]
[Site "Emanuel Lasker Arena"]
[Date "2020.06.19"]
[Round "6"]
[White "Klasman"]
[Black "Mandy"]
[Result "1-0"]
[WhiteElo "1234"]
[BlackElo "1007"]
[Annotator "NA RC"]
[PlyCount "27"]
[EventDate "2020.06.19"]
[EventType "swiss (blitz)"]

1. f4 {[%emt 0:00:01]} c6 {[%emt 0:00:02]} 2. e4 {[%emt 0:00:02]} Nf6 {[%emt 0:00:01]} 3. e5 {[%emt 0:00:01]} Ng8 {[%emt 0:00:07]} 4. d4 {[%emt 0:00:01]} e6 {[%emt 0:00:01]} 5. Nf3 {[%emt 0:00:01]} f6 {[%emt 0:00:01]} 6. c4 {[%emt 0:00:01]} g6 {[%emt 0:00:08]} 7. Nc3 {[%emt 0:00:01]} Bh6 {[%emt 0:00:02]} 8. Bd3 {[%emt 0:00:04]} d5 {[%emt 0:00:02]} 9. O-O {[%emt 0:00:02]} f5 {[%emt 0:00:14]} 10. Qa4 {[%emt 0:00:08]} a6 {[%emt 0:00:04]} 11. cxd5 {[%emt 0:00:03]} Kf7 {[%emt 0:00:10]} 12. dxe6+ {[%emt 0:00:03]} Bxe6 {[%emt 0:00:02]} 13. Bc4 {[%emt 0:00:04]} Bxc4 {[%emt 0:00:05]} 14. Qxc4+ {[%emt 0:00:01] Zeit (Lag: Av=0.52s, max=0.6s)} 1-0

[Event "Stay Safe Play From Home 238"]
[Site "Emanuel Lasker Arena"]
[Date "2020.06.19"]
[Round "7"]
[White "Lamborghini"]
[Black "MarkonY"]
[Result "0-1"]
[WhiteElo "2237"]
[BlackElo "2328"]
[Annotator "TA"]
[PlyCount "106"]
[EventDate "2020.06.19"]
[EventType "swiss (blitz)"]

{[%evp 21,106,-6,18,17,45,51,120,101,82,100,71,77,93,64,125,124,110,65,81,51,42,45,50,58,62,51,54,0,27,32,38,35,35,1,3,0,7,0,4,0,0,-84,-85,-140,-106,-538,-520,-593,-593,-594,-591,-822,-819,-29982,-29982,-29982,-29981,-29979,-29981,-29990,-29991,-29992,-29992,-29993,-29992,-29993,-29992,-29992,-29993,-29993,-29992,-29992,-29993,-29997,-29995,-29995,-29996,-29996,-29996,-29996,-29996,-29996,-29996,-29996,-29997,-29998,-6331]} 1. e4 c5 2. Nf3 g6 3. d4 cxd4 4. Nxd4 Bg7 5. Nb3 Nc6 6. Be2 d6 7. O-O Nf6 8. Nc3 O-O 9. Re1 a6 10. Bf1 b5 11. Bg5 Bb7 12. a4 {B70: Sicilian Dragon: 6 g3 and 6 Be2 (without a later Be3).} b4 13. Nd5 e6 ({Better is} 13... a5 $14) 14. Nxf6+ $16 {White is better.} Bxf6 15. Bxf6 Qxf6 16. Qxd6 Qxb2 {[#]} 17. Rab1 $146 ({Predecessor:} 17. Nc5 Rad8 18. Qc7 Ba8 19. Nd7 Rfe8 20. Bxa6 Qc3 21. Rad1 Kg7 22. Bb5 Rxd7 23. Qxd7 Rd8 24. Qc7 e5 25. Bxc6 Rxd1 26. Rxd1 Bxc6 27. a5 Kh6 28. Qd6 {1-0 (28) Ganguly,S (2626)-Narayanan,S (2434) Moscow 2013}) 17... Qe5 ({Black should try} 17... Qc3 $1 $14) 18. Qxe5 Nxe5 19. Nc5 Bc6 20. Rxb4 a5 21. Rd4 Rfc8 22. f4 Ng4 23. Ba6 Rc7 24. Red1 ({White should play} 24. Bc4 $14) 24... Be8 25. Rd8 $1 {[%cal Rd8a8]} Rxd8 26. Rxd8 Kf8 27. Bb5 Rxc5 28. Rxe8+ $11 {[%mdl 4096] Endgame KRB-KRN} Kg7 29. c4 Ne3 30. Kf2 Nxc4 31. g4 (31. Rd8 $11) 31... Nd6 $17 32. Rd8 (32. Ra8 $142) 32... Nxb5 {KRN-KR} 33. Ke3 $2 {[%mdl 8192] This move loses the game for White.} (33. axb5 $17 Rxb5 34. Ra8) 33... Na3 $19 34. Ra8 Rc3+ 35. Kd4 Rc4+ {[%mdl 64] [#] Double Attack} 36. Ke5 Rxa4 {aiming for ...Nc4+.} 37. g5 Nc4+ {Black mates.} 38. Kd4 Nb6+ {[%mdl 64] Discovered Attack} 39. Kc5 Nxa8 40. Kd6 Rxe4 41. Ke7 Rxf4 42. h4 Rf5 43. h5 gxh5 44. g6 hxg6 45. Kd7 e5 46. Ke8 e4 47. Ke7 e3 48. Kd6 e2 49. Kd7 Re5 50. Kc8 Re6 51. Kd7 Kf6 52. Kd8 e1=Q 53. Kd7 Qd2+ {Accuracy: White = 40%, Black = 68%.} (53... Qg3 $142 54. Kd8 Qc7#) 0-1

[Event "Stay Safe Play From Home 238"]
[Site "Emanuel Lasker Arena"]
[Date "2020.06.19"]
[Round "7"]
[White "Tolka"]
[Black "Toosieslide"]
[Result "0-1"]
[WhiteElo "2212"]
[BlackElo "2241"]
[Annotator "TA"]
[PlyCount "128"]
[EventDate "2020.06.19"]
[EventType "swiss (blitz)"]

{[%evp 23,127,14,29,25,29,30,37,14,28,30,64,0,0,0,22,19,19,19,17,35,89,88,83,0,0,0,0,-40,0,-46,-28,-77,-40,-521,-505,-554,-554,-549,-536,-587,-570,-586,-586,-655,-652,-659,-235,-212,-215,-1227,-1191,-1187,-835,-769,-774,-1029,-1027,-1005,-1004,-1553,-1543,-1810,-1725,-29988,-29989,-3326,-2651,-29990,-29991,-29992,-29993,-29993,-29991,-29994,-29992,-29994,-29992,-29995,-29993,-29993,-29992,-29992,-29991,-29991,-29992,-29993,-29992,-29992,-29993,-29993,-29993,-29994,-29995,-29995,-29996,-29996,-29997,-29997,-29998,-29998,-29997,-29997,-29998,-29998,-29999,-29999]} 1. e4 e5 2. Nf3 Nc6 3. Bb5 a6 4. Ba4 Nf6 5. O-O Be7 6. Re1 b5 7. Bb3 d6 8. c3 O-O 9. h3 Na5 10. Bc2 c5 11. d4 Qc7 12. d5 Bd7 13. b3 {C97: Closed Ruy Lopez: Chigorin Defence: 11 d4 Qc7, sidelines.} g6 14. Bh6 Rfb8 15. Nbd2 {White is slightly better.} Nh5 16. Nf1 {[#]} Ng7 $146 ({Predecessor:} 16... Nb7 17. Qd2 c4 18. b4 a5 19. a3 Ra6 20. g4 Ng7 21. Ng3 Rba8 22. Rac1 axb4 23. axb4 {0-1 (72) Collins,S (2431)-Zhang,Z (2582) Khanty-Mansiysk 2010}) 17. Bxg7 (17. N3h2 $14) 17... Kxg7 $11 18. Qd2 c4 19. b4 Nb7 {[%cal Ba5b7,Bb7d8,Bd8f7,Bf7h6,Bh6g8][%mdl 32]} 20. a4 a5 21. axb5 axb4 (21... Bxb5 $14 22. Ba4 Bxa4 23. Rxa4 axb4 24. Rxa8 Rxa8 25. cxb4 c3) 22. cxb4 $16 c3 23. Qe3 (23. Qe2 $16) 23... Bxb5 $11 24. Ng3 Nd8 25. Nh2 f6 26. Ng4 Nf7 $36 {[%mdl 2048] Black fights for an advantage.} 27. h4 Qc8 28. h5 $2 {[%mdl 8192] [#] This costs White the game.} ({White should play} 28. Qf3 $15) 28... Qxg4 $19 29. h6+ Nxh6 30. Ra7 Ng8 31. Rea1 Rxa7 32. Rxa7 Qc8 33. Qf3 Qc4 34. Qg4 {If White can now play Nf5+ this consolidates a bit.} Kf7 $2 (34... Kh8 35. Qf3 Bf8) 35. Qe6+ {[#]} Kf8 $1 36. Rd7 $2 (36. Rxe7 Nxe7 37. Qxf6+ Ke8 38. Qh8+ Kf7 39. Qxb8) 36... Bxd7 37. Qxd7 Qc8 38. Qxc8+ Rxc8 39. Ne2 Ra8 40. Nxc3 Rc8 41. Nb5 Rxc2 42. Na7 f5 43. Kh2 Nf6 44. Nc6 g5 45. Nxe7 Kxe7 {Black mates.} 46. exf5 Rxf2 47. Kg3 Rb2 48. Kh3 Rxb4 49. g3 Nxd5 50. g4 Nf6 51. Kg2 Nxg4 52. Kf1 Nh6 53. Ke2 Kf6 54. Kd1 Kxf5 55. Kc2 g4 56. Kc3 Rd4 57. Kc2 g3 58. Kc3 g2 59. Kc2 g1=Q 60. Kb3 Qc1 61. Ka2 Rd5 62. Kb3 Rb5+ 63. Ka4 Rb8 {[%cal Rc1a1]} 64. Ka5 Qa1# {Accuracy: White = 54%, Black = 69%.} 0-1